000 00445nam a2200157 4500
001 112308
003 ES-MaACL
005 20230906185512.0
007 t|
008 061121s1966 sp r ||||1| fre d
100 1 _aNiehans, Paul.
_985629
245 1 0 _aDirectives pour l'application de la therapie cellulaire /
_cPaul Niehans.
260 _a[s. l.] :
_b[s. n.],
_c1966.
300 _a4 h. ;
_c20 cm.
852 _aES-MaACL
_j2058-F-24
_bR.63797
999 _c112308
_d112308